Tous les adversaires nommés de Natsu dans Fairy Tail - Statistiques

Statistiques générales
  • Ce quiz a été pris 29 fois
    21 depuis la dernière actualisation
  • Le résultat moyen est 29 sur 81
Statistiques - réponses
Tous les adversaires de Natsu % Correct
Acnologia
94%
Rog Chenny
88%
Sting Youclif
88%
Zeleph Dragnir
88%
Ajil Lamur
81%
Gajil Redfox
81%
Hades
81%
Gerald Fernandez
75%
Cobra
69%
Erza Scarlett
69%
Grey Fullbuster
69%
Luxus Draer
69%
Zancrow
63%
Zero
63%
Bluenote Stinger
56%
Eligoal
56%
Gildarts Clive
56%
Jackal
56%
Ultia Milkovich
56%
Zalty
56%
Léo
50%
Lullaby
50%
Alya
44%
Mald Gheel Tartaros
44%
Midnight
44%
Tempester
44%
Totomaru
44%
Bora
38%
Franmars
38%
Jienma Orlando
38%
Kageyama
38%
Kain Ikaru
38%
Miliana
38%
Toby Ololta
38%
Wolly Buchanan
38%
Yuka Suzuki
38%
Hughes
31%
Imitatia
31%
Jacob Lessio
31%
Kurodoa
31%
Mistgun
31%
Owl
31%
Racer
31%
Vanish Brothers
31%
Balkan
25%
Byro Cracy
25%
Dan Straight
25%
Ebar
25%
Faust
25%
Kama
25%
Rog du Futur
25%
Shaw
25%
Simon Mikazuchi
25%
Sugar Boy
25%
Trafzer
25%
Arlock
19%
Coubelios
19%
Doriate
19%
Koko
19%
Mother Grea
19%
Samuel
19%
Daphné
13%
Dobengal
13%
Drake
13%
Gatman Kubrick
13%
Hiroshi
13%
Jackpot
13%
Lala
13%
Max Alose
13%
Pisces
13%
Roi des Esprits
13%
Taurus
13%
Aquarius
6%
Bayro
6%
Kanaloa
6%
Marin Hollow
6%
Naked Mummy
6%
Oiseau Cyclope
6%
Ophiucus
6%
Velveno
6%
Blizardvern
0%
Aucun quiz correspondant
Distribution des résultats
% des personnes avec chaque résultat
Percentile par nombre de réponses
Votre historique - résultats
Vous n’avez pas pris ce quiz depuis la dernière actualisation